Khảo sát khả năng xử lý nước thải biogas của bèo tấm (Lemna minor) trong điều kiện nạp nước thải một lần và nạp hàng ngày Luận văn tốt nghiệp đại học. Chuyên ngành Kỹ thuật môi trường

Khảo sát khả năng xử lý nước thải biogas của bèo tấm (Lemna minor) trong điều kiện nạp nước thải một lần và nạp hàng ngày

Tallennettuna:
Bibliografiset tiedot
Päätekijä: Trần, Phước Hội
Aineistotyyppi: Kirja
Kieli:Undetermined
Julkaistu: Cần Thơ Trường Đại học Cần Thơ 2012
Aiheet:
Tagit: Lisää tagi
Ei tageja, Lisää ensimmäinen tagi!
Thư viện lưu trữ: Trung tâm Học liệu Trường Đại học Cần Thơ
LEADER 01234nam a2200229Ia 4500
001 CTU_178618
008 210402s9999 xx 000 0 und d
082 |a 628.3 
082 |b H452 
088 |a 1080792 , 1080793 
100 |a Trần, Phước Hội 
245 0 |a Khảo sát khả năng xử lý nước thải biogas của bèo tấm (Lemna minor) trong điều kiện nạp nước thải một lần và nạp hàng ngày 
245 0 |b Luận văn tốt nghiệp đại học. Chuyên ngành Kỹ thuật môi trường 
245 0 |c Trần Phước Hội, Đặng Văn Hên ; Nguyễn Trường Thành (Hướng dẫn khoa học) 
260 |a Cần Thơ 
260 |b Trường Đại học Cần Thơ 
260 |c 2012 
520 |a Khảo sát khả năng xử lý nước thải biogas của bèo tấm (Lemna minor) trong điều kiện nạp nước thải một lần và nạp hàng ngày 
650 |a Environmental protection,Factory and trade waste,Sewerage,Biogas,Khí sinh học 
650 |x Management,Purification 
910 |a Nguyên 
980 |a Trung tâm Học liệu Trường Đại học Cần Thơ